000 00950nam a2200253Ia 4500
003 OSt
005 20220923221337.0
006 a|||||r|||| 00| 0
007 ta
008 220922b |||||||| |||| 00| 0 hin d
024 _a197,299
037 _cTextual
040 _aARTS
_cARTS
_bhin
041 _2hin
_ahin
082 _aO152,6N73x, N8
100 _aअनु जूून; तहलाना, नारायण सिंह, अनु.
_9165394
245 0 _aउत्प्ररेणा एवं उलझन
246 _aUtprareṇā evan ulazana
260 _aदिल्ली
_b अनु जूून मेमोरियल सोसाइटी
_c1998
300 _a87पृ.
_ccm.
650 _aहिन्दी साहित्य
_9156264
942 _hO152,6N73x, N8
_cTEXL
_2CC
999 _c349170
_d349170